00254nam a2200109Ia 4500008004100000100003200041245002500073260001500098300000900113942000700122999001500129190216s9999||||xx |||||||||||||| ||und|| aAcharya Bk & Govekar Pb 0aElements Of Commerce bNullc1964 a422p cBK c3838d3838